Děti revoluce /

Hlavní autor: Robinson, Peter, 1950-
Další autoři: Trávníčková, Libuše, 1936-, Trávníček, Luboš, 1943-
Jazyk: Čeština
Vydáno: Praha : Knižní klub, 2016
Vydání: Vydání první
Témata:
Fyzický popis: 366 stran ; 21 cm
Knihy
Uloženo v:
LEADER 01547nam a2200445 i 4500
001 nkc20152737558
003 CZ PrNK
005 20160303135423.0
007 ta
008 151014s2016 xr g 000 f cze
015 |a cnb002737558 
020 |a 978-80-242-5141-7  |q (vázáno) 
035 |a (OCoLC)946292546 
040 |a OLA001  |b cze  |d ABA001  |e rda 
041 1 |a cze  |h eng 
072 7 |a 821.111-3  |x Anglická próza, anglicky psaná  |2 Konspekt  |9 25 
080 |a 821.111-31  |2 MRF 
080 |a (0:82-312.4)  |2 MRF 
100 1 |a Robinson, Peter,  |d 1950-  |7 mzk2005286608  |4 aut 
240 1 0 |a Children of the revolution.  |l Česky 
245 1 0 |a Děti revoluce /  |c Peter Robinson ; přeložili Libuše a Luboš Trávníčkovi 
250 |a Vydání první 
264 1 |a Praha :  |b Knižní klub,  |c 2016 
300 |a 366 stran ;  |c 21 cm 
336 |a text  |b txt  |2 rdacontent 
337 |a bez média  |b n  |2 rdamedia 
338 |a svazek  |b nc  |2 rdacarrier 
500 |a Přeloženo z angličtiny 
655 7 |a anglické romány  |7 fd131814  |2 czenas 
655 7 |a detektivní romány  |7 fd132010  |2 czenas 
655 9 |a English fiction  |2 eczenas 
655 9 |a detective novels  |2 eczenas 
700 1 |a Trávníčková, Libuše,  |d 1936-  |7 mzk2003175733  |4 trl 
700 1 |a Trávníček, Luboš,  |d 1943-  |7 jk01140044  |4 trl 
910 2 |a BOA001  |b 2-1360.596 
928 9 |a Euromedia Group - Knižní klub 
990 |a BK 
995 |a 01 
991 |b 201602  |c NOV 
996 6 |b 2610659799  |c 2-1360.596  |l MZK  |r Sklad / do 1 hodiny  |n 1  |p p.v.  |w 001544900  |u 000010  |a 1  |e BOA001  |j MZK50  |s P